00986nam a2200253Ia 450000500170000000800410001702000150005804000700007304100080014308200250015110000350017624501760021125000120038726000580039930000180045749000500047565000210052565000410054665000320058765000110061965100130063065100430064370000460068620240718122632.0130821s1994 ck gr spa  a9589004342 aCo-BoUCMbspacSandra Yazo (modificó)dSandra Yazo (modificó) aspa a986.102bV34 1a. ed. aVega Umbasia, Leonardo Alberto aPecado y delito en la colonia La bestialidad como una forma de contravención sexual 1740-1808cLeonardo Alberto Vega Umbasia ; Instituto Colombiano de Cultura Hispanica a1a. ed. aBogotá (Cundinamarca, Colombia)bEl Institutoc1994 a125 páginas aColección de Historia Colonial, título II04aDelitos sexuales04aDelitos sexualesxHistoriazColombia04aHistoria coloniay1550-181004aPecado aColombia aColombiaxHistoriayColoniay1550-1810 aInstituto Colombiano de Cultura Hispanica